000 01088nam a22003015i 4500
001 11536
003 ES-MaACL
005 20250721063427.0
007 t|
008 950906s1994 sp ||||0| spa d
020 _a84-87462-08-1
040 _aM-BN
_bspa
_cM-BN
080 _a946.0"18"
080 _a321.01(460)"18"
245 0 0 _aNación y Estado en la España liberal /
_cMiguel Artola ... [et al.] ; Guillermo Gortázar, editor.
260 _a[Madrid] :
_bNóesis,
_c[1994]
300 _a320 páginas ;
_c21 cm.
500 _aConferencias pronunciadas en el ciclo titulado "Nación y Estado en la España liberal", Madrid, Fundación Ortega y Gasset, mayo y julio de 1993
504 _aBibliografía.
650 4 _aEstado-
_zEspaña-
_yS.XIX
_912524
651 4 _aEspaña-
_xHistoria-
_yS.XIX
_9142005
700 1 _aArtola, Miguel,
_d1923-2020
_eaut
_923497
700 1 _aGortázar, Guillermo,
_d1951-
_epbl
_9176485
852 _aES-MaACL
_bR.124620
_cDEPO2
_jL-18859
942 _2udc
_cMONOGRAFIA
_n0
999 _c11536
_d11536